Vplyv úpravy povrchu na zmáčanie epoxidových adhezív = Influence of surface adjustments to wetting of epoxy adhesives : Bakalárska práca

Uložené v:
Podrobná bibliografia
Hlavný autor: Krajčí, Martin (Autor)
Ďalší autori: Krakovský, Filip, 1983- (xxx)
Médium: Rukopis Kniha
Jazyk:Slovak
Vydavateľské údaje: Trnava : STU v Bratislave MTF UVTE, 2009
Predmet:
Tagy: Pridať tag
Žiadne tagy, Buďte prvý, kto otaguje tento záznam!

MARC

LEADER 00000ntm a22000003a 4500
001 stu198009
005 20160719160135.2
008 100114s2009----xo------------------slo-d
040 |a STU  |b slo 
041 0 |a slo 
044 |a xo 
100 1 |a Krajčí, Martin  |4 aut 
245 1 |a Vplyv úpravy povrchu na zmáčanie epoxidových adhezív = Influence of surface adjustments to wetting of epoxy adhesives :  |b Bakalárska práca 
260 |a Trnava :  |b STU v Bratislave MTF UVTE,  |c 2009 
300 |a 45 s  |c 1 CD-ROM 
500 |a Študijný odbor: 5.2.51 výrobné technológie 
500 |a Študijný program: výrobné technológie 
650 7 |a úprava povrchu  |2 stusub 
650 7 |a adhezívne spájanie  |2 stusub 
650 7 |a zmáčanie  |2 stusub 
700 1 |a Krakovský, Filip,  |d 1983-  |4 xxx  |u M140  |T MTF Katedra zvárania  |X 28417  |U M140  |Y M140  |7 A000028417 
996 |b 284M077392  |c M*BP-4111  |l MMSKP  |s P  |a 0  |w stu198009_0001